Nachbarländer der Chinesischen Provinzen Quiz - Statistiken

Allgemein
  • Dieses Quiz wurde 11 mal gespielt
  • Das Durchschnittsergebnis liegt bei 4 aus 9
Antwortstatistiken
Provinz Nachbarstaat % Korrekt
Gansu Mongolei
100%
Liaoning Nordkorea
88%
Guanxi Zhuang Vietnam
88%
Heilongjiang Russland
75%
Innere Mongolei Mongolei Russland
13%
Jilin Nordkorea Russland
13%
Tibet Bhutan Indien Nepal
0%
Xinjiang Uigur Kasachstan Kirgistan Mongolei Russland Tadschikistan
0%
Yunnan Laos Myanmar Vietnam
0%
Keine übereinstimmenden Quizze gefunden
Verteilung der Resultate
Anzahl Personen mit jedem Resultat
Perzentil nach korrekt beantworteten Fragen
Ihre Resultats-Entwicklung
Sie haben dieses Quiz noch nicht gespielt